00444nam a2200181 a 4500001001300000003000900013005001700022008004100039020001000080082001700090100002100107245001900128260003100147300000900178500003500187650001900222700002100241nice12345678IN_TiNIC20260116011415.0070620s0000 teha grp 000 0 per  ac10000a891.51bRUM7 aRumi, Jajaluddin aShamsul Haqaiq aTehranbNo Publisherc0000 a375p aincludes index and biblioraphy aPersian Poetry1 aRumi, Jajaluddin